[Event "Latvian Teams Chess Championship Higher League 2019"]
[Site "Riga Chess School, 10 Pernavas Street, Riga, Latvia"]
[Date "2019.06.08"]
[Round "4.13"]
[White "Lavendelis, Egons"]
[Black "Zuckovs, Aleksejs"]
[Result "0-1"]
[TimeControl "Standard: 90 minutes with 30 second increment from move 1"]
[WhiteTitle "FM"]
[BlackTitle "FM"]
[WhiteFideId "11601647"]
[BlackFideId "11603801"]
[WhiteElo "2251"]
[BlackElo "2304"]

1. Nf3 {[%clk 01:28:18]} {[%emt 00:02:41]} f5 {[%clk 01:29:06]} {[%emt
00:01:54]} 2. b3 {[%clk 01:26:37]} {[%emt 00:02:11]} Nf6 {[%clk 01:29:10]}
{[%emt 00:00:26]} 3. Bb2 {[%clk 01:26:59]} {[%emt 00:00:08]} d6 {[%clk
01:27:27]} {[%emt 00:02:12]} 4. d4 {[%clk 01:25:59]} {[%emt 00:01:30]} g6
{[%clk 01:26:11]} {[%emt 00:01:46]} 5. e3 {[%clk 01:22:25]} {[%emt 00:04:04]}
Bg7 {[%clk 01:26:16]} {[%emt 00:00:26]} 6. Bd3 {[%clk 01:20:25]} {[%emt
00:04:17]} O-O {[%clk 01:24:09]} {[%emt 00:03:32]} 7. c4 {[%clk 01:20:26]}
{[%emt 00:00:29]} e5 {[%clk 01:23:29]} {[%emt 00:01:11]} 8. dxe5 {[%clk
01:16:58]} {[%emt 00:03:58]} Ng4 {[%clk 01:22:02]} {[%emt 00:01:56]} 9. Bc2
{[%clk 01:07:09]} {[%emt 00:10:19]} Nc6 {[%clk 01:19:52]} {[%emt 00:02:40]} 10.
Nc3 {[%clk 01:06:14]} {[%emt 00:01:25]} Ngxe5 {[%clk 01:15:32]} {[%emt
00:04:50]} 11. h4 {[%clk 01:01:57]} {[%emt 00:04:47]} Nb4 {[%clk 01:01:40]}
{[%emt 00:14:23]} 12. a3 {[%clk 00:59:44]} {[%emt 00:02:43]} Nxc2+ {[%clk
01:01:24]} {[%emt 00:00:47]} 13. Qxc2 {[%clk 01:00:11]} {[%emt 00:00:02]} c6
{[%clk 00:59:06]} {[%emt 00:02:48]} 14. O-O-O {[%clk 00:58:08]} {[%emt
00:02:32]} Qe7 {[%clk 00:59:18]} {[%emt 00:00:18]} 15. Kb1 {[%clk 00:50:23]}
{[%emt 00:08:15]} Ng4 {[%clk 00:50:08]} {[%emt 00:09:40]} 16. Rd2 {[%clk
00:46:04]} {[%emt 00:04:48]} Be6 {[%clk 00:48:02]} {[%emt 00:02:38]} 17. Ng5
{[%clk 00:41:48]} {[%emt 00:04:45]} Rad8 {[%clk 00:46:17]} {[%emt 00:02:16]} 18.
Ka2 {[%clk 00:33:20]} {[%emt 00:08:58]} a6 {[%clk 00:44:35]} {[%emt 00:02:12]}
19. Nxe6 {[%clk 00:30:00]} {[%emt 00:03:50]} Qxe6 {[%clk 00:45:01]} {[%emt
00:00:04]} 20. Ne2 {[%clk 00:30:18]} {[%emt 00:00:11]} Bxb2 {[%clk 00:36:05]}
{[%emt 00:09:27]} 21. Qxb2 {[%clk 00:30:41]} {[%emt 00:00:06]} Qe5 {[%clk
00:35:20]} {[%emt 00:01:16]} 22. Nf4 {[%clk 00:29:03]} {[%emt 00:02:05]} Qxb2+
{[%clk 00:28:47]} {[%emt 00:07:07]} 23. Kxb2 {[%clk 00:29:28]} {[%emt
00:00:04]} Rfe8 {[%clk 00:29:08]} {[%emt 00:00:09]} 24. Rhd1 {[%clk 00:24:34]}
{[%emt 00:05:23]} Kf7 {[%clk 00:28:58]} {[%emt 00:00:41]} 25. Kc2 {[%clk
00:23:26]} {[%emt 00:01:36]} Ke7 {[%clk 00:23:59]} {[%emt 00:05:31]} 26. Kd3
{[%clk 00:21:19]} {[%emt 00:02:35]} Kd7 {[%clk 00:22:39]} {[%emt 00:01:52]} 27.
Ke2 {[%clk 00:21:09]} {[%emt 00:00:38]} Kc7 {[%clk 00:23:00]} {[%emt 00:00:10]}
28. g3 {[%clk 00:19:53]} {[%emt 00:01:46]} Nf6 {[%clk 00:20:17]} {[%emt
00:03:13]} 29. Rd3 {[%clk 00:16:27]} {[%emt 00:03:56]} Ne4 {[%clk 00:18:02]}
{[%emt 00:02:45]} 30. Kf3 {[%clk 00:16:13]} {[%emt 00:00:44]} b5 {[%clk
00:16:46]} {[%emt 00:01:47]} 31. cxb5 {[%clk 00:13:32]} {[%emt 00:03:12]} axb5
{[%clk 00:17:14]} {[%emt 00:00:01]} 32. b4 {[%clk 00:13:52]} {[%emt 00:00:10]}
d5 {[%clk 00:15:53]} {[%emt 00:01:51]} 33. a4 {[%clk 00:09:21]} {[%emt
00:05:00]} bxa4 {[%clk 00:12:02]} {[%emt 00:04:21]} 34. Ra1 {[%clk 00:07:31]}
{[%emt 00:02:20]} Kb6 {[%clk 00:09:15]} {[%emt 00:03:18]} 35. Rxa4 {[%clk
00:07:22]} {[%emt 00:00:39]} Ra8 {[%clk 00:09:44]} {[%emt 00:00:01]} 36. Rda3
{[%clk 00:07:11]} {[%emt 00:00:41]} Rxa4 {[%clk 00:10:09]} {[%emt 00:00:06]} 37.
Rxa4 {[%clk 00:07:38]} {[%emt 00:00:02]} Re7 {[%clk 00:10:12]} {[%emt
00:00:26]} 38. Nd3 {[%clk 00:06:05]} {[%emt 00:02:03]} Kb5 {[%clk 00:10:08]}
{[%emt 00:00:34]} 39. Ra5+ {[%clk 00:05:37]} {[%emt 00:00:59]} Kc4 {[%clk
00:08:53]} {[%emt 00:01:45]} 40. Ke2 {[%clk 00:05:22]} {[%emt 00:00:44]} d4
{[%clk 00:07:57]} {[%emt 00:01:27]} 41. Ne5+ {[%clk 00:02:40]} {[%emt
00:03:12]} Rxe5 42. Rxe5 {[%clk 00:03:08]} d3+ {[%clk 00:07:02]} {[%emt
00:00:10]} 43. Kf3 {[%clk 00:03:00]} {[%emt 00:00:37]} Kxb4 {[%clk 00:02:22]}
{[%emt 00:05:11]} 44. Re7 {[%clk 00:01:55]} {[%emt 00:01:33]} Kc3 {[%clk
00:02:16]} {[%emt 00:00:37]} 45. Rxh7 {[%clk 00:01:11]} {[%emt 00:01:14]} d2
{[%clk 00:02:01]} {[%emt 00:00:46]} 46. Rd7 {[%clk 00:01:14]} {[%emt 00:00:26]}
Kc2 {[%clk 00:02:02]} {[%emt 00:00:29]} 47. g4 {[%clk 00:01:16]} {[%emt
00:00:29]} Nf6 {[%clk 00:01:33]} {[%emt 00:01:00]} 48. Rd4 {[%clk 00:01:19]}
{[%emt 00:00:26]} d1=Q+ {[%clk 00:01:44]} {[%emt 00:00:18]} 49. Rxd1 {[%clk
00:01:46]} {[%emt 00:00:03]} Kxd1 {[%clk 00:02:12]} {[%emt 00:00:02]} 50. gxf5
{[%clk 00:02:07]} {[%emt 00:00:10]} gxf5 {[%clk 00:01:16]} {[%emt 00:01:26]} 51.
Kf4 {[%clk 00:02:26]} {[%emt 00:00:10]} c5 {[%clk 00:01:15]} {[%emt 00:00:32]}
52. Kxf5 {[%clk 00:00:55]} {[%emt 00:02:01]} c4 {[%clk 00:01:22]} {[%emt
00:00:23]} 53. Kxf6 {[%clk 00:01:20]} {[%emt 00:00:05]} c3 {[%clk 00:01:52]} 54.
h5 {[%clk 00:01:12]} {[%emt 00:00:38]} c2 {[%clk 00:02:20]} {[%emt 00:00:02]}
55. h6 {[%clk 00:01:34]} {[%emt 00:00:08]} c1=Q {[%clk 00:02:47]} {[%emt
00:00:02]} 56. h7 {[%clk 00:02:01]} {[%emt 00:00:03]} Qb2+ {[%clk 00:02:27]}
{[%emt 00:00:50]} 57. Kg6 {[%clk 00:01:54]} {[%emt 00:00:37]} Ke2 {[%clk
00:02:01]} {[%emt 00:00:56]} 58. f4 {[%clk 00:02:23]} {[%emt 00:00:01]} Kxe3
{[%clk 00:02:03]} {[%emt 00:00:29]} 59. f5 {[%clk 00:02:49]} {[%emt 00:00:03]}
Qh8 {[%clk 00:02:23]} {[%emt 00:00:11]} 60. f6 {[%clk 00:03:08]} {[%emt
00:00:11]} Kf4 {[%clk 00:02:24]} {[%emt 00:00:29]} 61. Kf7 {[%clk 00:00:56]}
{[%emt 00:02:42]} Kg5 {[%clk 00:02:16]} {[%emt 00:00:38]} 0-1

[Event "Latvian Teams Chess Championship Higher League 2019"]
[Site "Riga Chess School, 10 Pernavas Street, Riga, Latvia"]
[Date "2019.06.08"]
[Round "4.14"]
[White "Gudovskis, Konstantins"]
[Black "Tronenkovs, Valdis"]
[Result "1/2-1/2"]
[TimeControl "Standard: 90 minutes with 30 second increment from move 1"]
[BlackTitle "FM"]
[WhiteFideId "11609753"]
[BlackFideId "11601558"]
[WhiteElo "2035"]
[BlackElo "2273"]

1. d4 {[%clk 01:30:55]} {[%emt 00:00:01]} Nf6 {[%clk 01:30:56]} {[%emt
00:00:06]} 2. c4 {[%clk 01:31:18]} {[%emt 00:00:07]} e6 {[%clk 01:31:09]}
{[%emt 00:00:17]} 3. Nc3 {[%clk 01:31:29]} {[%emt 00:00:19]} d5 {[%clk
01:31:07]} {[%emt 00:00:31]} 4. Nf3 {[%clk 01:31:41]} {[%emt 00:00:19]} Be7
{[%clk 01:30:40]} {[%emt 00:00:57]} 5. Bg5 {[%clk 01:31:56]} {[%emt 00:00:14]}
h6 {[%clk 01:30:53]} {[%emt 00:00:18]} 6. Bh4 {[%clk 01:31:12]} {[%emt
00:01:14]} O-O {[%clk 01:30:39]} {[%emt 00:00:44]} 7. e3 {[%clk 01:31:04]}
{[%emt 00:00:37]} b6 {[%clk 01:30:40]} {[%emt 00:00:29]} 8. cxd5 {[%clk
01:29:59]} {[%emt 00:01:36]} Nxd5 {[%clk 01:30:54]} {[%emt 00:00:16]} 9. Bxe7
{[%clk 01:28:25]} {[%emt 00:02:04]} Qxe7 {[%clk 01:31:15]} {[%emt 00:00:09]} 10.
Nxd5 {[%clk 01:27:33]} {[%emt 00:01:22]} exd5 {[%clk 01:31:43]} {[%emt
00:00:02]} 11. Be2 {[%clk 01:27:29]} {[%emt 00:00:34]} Be6 {[%clk 01:29:58]}
{[%emt 00:02:15]} 12. O-O {[%clk 01:23:54]} {[%emt 00:04:06]} c5 {[%clk
01:29:23]} {[%emt 00:01:04]} 13. dxc5 {[%clk 01:24:12]} {[%emt 00:00:13]} bxc5
{[%clk 01:29:36]} {[%emt 00:02:04]} 14. Qa4 {[%clk 01:19:42]} {[%emt 00:05:54]}
Nd7 {[%clk 01:28:10]} {[%emt 00:01:57]} 15. Rac1 {[%clk 01:16:39]} {[%emt
00:03:33]} a6 {[%clk 01:17:39]} {[%emt 00:11:01]} 16. Rfd1 {[%clk 01:05:01]}
{[%emt 00:12:07]} Rfb8 {[%clk 01:07:11]} {[%emt 00:10:58]} 17. b3 {[%clk
00:58:19]} {[%emt 00:07:13]} a5 {[%clk 00:32:31]} {[%emt 00:35:10]} 18. Ne1
{[%clk 00:47:44]} {[%emt 00:11:04]} c4 {[%clk 00:26:35]} {[%emt 00:06:27]} 19.
bxc4 {[%clk 00:39:42]} {[%emt 00:08:32]} dxc4 {[%clk 00:26:58]} {[%emt
00:00:07]} 20. Rd2 {[%clk 00:22:35]} {[%emt 00:17:36]} Rb4 {[%clk 00:17:18]}
{[%emt 00:10:10]} 21. Qa3 {[%clk 00:20:49]} {[%emt 00:02:16]} Nc5 {[%clk
00:16:56]} {[%emt 00:00:51]} 22. Rdc2 {[%clk 00:12:58]} {[%emt 00:08:22]} Ra4
{[%clk 00:15:25]} {[%emt 00:02:02]} 23. Qb2 {[%clk 00:13:09]} {[%emt 00:00:18]}
Nd3 {[%clk 00:10:48]} {[%emt 00:05:07]} 24. Nxd3 {[%clk 00:12:36]} {[%emt
00:01:03]} cxd3 {[%clk 00:11:11]} {[%emt 00:00:08]} 25. Bxd3 {[%clk 00:12:44]}
{[%emt 00:00:22]} Rxa2 {[%clk 00:10:04]} {[%emt 00:01:37]} 26. Qe5 {[%clk
00:05:01]} {[%emt 00:08:12]} Rxc2 {[%clk 00:10:01]} {[%emt 00:00:34]} 27. Bxc2
{[%clk 00:05:21]} {[%emt 00:00:10]} Qb4 {[%clk 00:02:30]} {[%emt 00:08:00]} 28.
Rb1 {[%clk 00:04:18]} {[%emt 00:01:33]} Qc4 {[%clk 00:02:46]} {[%emt 00:00:13]}
29. Be4 {[%clk 00:03:09]} {[%emt 00:01:41]} Rc8 {[%clk 00:02:37]} {[%emt
00:00:39]} 30. h3 {[%clk 00:02:13]} {[%emt 00:01:26]} a4 {[%clk 00:02:37]}
{[%emt 00:00:29]} 31. Bf5 {[%clk 00:01:01]} {[%emt 00:01:42]} Bxf5 {[%clk
00:01:47]} {[%emt 00:01:20]} 32. Qxf5 {[%clk 00:01:27]} {[%emt 00:00:05]} Qc2
{[%clk 00:01:28]} {[%emt 00:00:48]} 33. Qxc2 {[%clk 00:01:39]} {[%emt
00:00:19]} Rxc2 {[%clk 00:01:57]} {[%emt 00:00:02]} 34. Rb8+ {[%clk 00:02:02]}
{[%emt 00:00:05]} Kh7 {[%clk 00:02:24]} {[%emt 00:00:03]} 35. Ra8 {[%clk
00:02:23]} {[%emt 00:00:09]} Ra2 {[%clk 00:02:18]} {[%emt 00:00:36]} 36. e4
{[%clk 00:01:42]} {[%emt 00:01:12]} g6 {[%clk 00:02:22]} {[%emt 00:00:26]} 37.
g3 {[%clk 00:01:53]} {[%emt 00:00:19]} Kg7 {[%clk 00:02:27]} {[%emt 00:00:25]}
38. Kg2 {[%clk 00:01:54]} {[%emt 00:00:29]} Kf6 {[%clk 00:02:08]} {[%emt
00:00:48]} 39. Ra7 {[%clk 00:01:32]} {[%emt 00:00:52]} h5 {[%clk 00:02:10]}
{[%emt 00:00:30]} 40. h4 {[%clk 00:01:52]} {[%emt 00:00:10]} a3 {[%clk
00:01:43]} {[%emt 00:00:56]} 41. Kf3 {[%clk 00:01:41]} {[%emt 00:00:40]} Ke6
{[%clk 00:01:39]} {[%emt 00:00:34]} 42. Ra6+ {[%clk 00:01:30]} {[%emt
00:00:41]} Ke7 {[%clk 00:02:05]} {[%emt 00:00:05]} 43. Ra7+ {[%clk 00:01:31]}
{[%emt 00:00:29]} Kf6 {[%clk 00:02:26]} {[%emt 00:00:09]} 44. Ra6+ {[%clk
00:01:14]} {[%emt 00:00:47]} Kg7 {[%clk 00:02:38]} {[%emt 00:00:18]} 45. Ra7
{[%clk 00:01:04]} {[%emt 00:00:41]} Kf6 {[%clk 00:02:12]} {[%emt 00:00:55]}
1/2-1/2

[Event "Latvian Teams Chess Championship Higher League 2019"]
[Site "Riga Chess School, 10 Pernavas Street, Riga, Latvia"]
[Date "2019.06.08"]
[Round "4.15"]
[White "Rogule, Laura"]
[Black "Reizniece-Ozola, Dana"]
[Result "0-1"]
[TimeControl "Standard: 90 minutes with 30 second increment from move 1"]
[WhiteTitle "WGM"]
[BlackTitle "WGM"]
[WhiteFideId "11601876"]
[BlackFideId "11601124"]
[WhiteElo "2267"]
[BlackElo "2325"]

1. c4 {[%clk 01:30:56]} {[%emt 00:00:02]} Nf6 {[%clk 01:29:37]} {[%emt
00:01:24]} 2. Nf3 {[%clk 01:29:42]} {[%emt 00:01:44]} g6 {[%clk 01:30:00]}
{[%emt 00:00:07]} 3. d4 {[%clk 01:27:50]} {[%emt 00:02:22]} c5 {[%clk
01:28:32]} {[%emt 00:01:58]} 4. Nc3 {[%clk 01:25:21]} {[%emt 00:02:59]} cxd4
{[%clk 01:27:20]} {[%emt 00:01:42]} 5. Nxd4 {[%clk 01:25:35]} {[%emt 00:00:17]}
Bg7 {[%clk 01:24:59]} {[%emt 00:02:51]} 6. e4 {[%clk 01:24:18]} {[%emt
00:01:46]} d6 {[%clk 01:25:23]} {[%emt 00:00:06]} 7. Be2 {[%clk 01:23:04]}
{[%emt 00:01:44]} Nc6 {[%clk 01:25:21]} {[%emt 00:00:32]} 8. Be3 {[%clk
01:19:11]} {[%emt 00:07:06]} O-O {[%clk 01:22:32]} {[%emt 00:03:19]} 9. O-O
{[%clk 01:18:24]} {[%emt 00:01:17]} Bd7 {[%clk 01:19:40]} {[%emt 00:03:22]} 10.
Qd2 {[%clk 01:11:58]} {[%emt 00:06:56]} Nxd4 {[%clk 01:14:12]} {[%emt
00:05:58]} 11. Bxd4 {[%clk 01:12:06]} {[%emt 00:00:22]} Bc6 {[%clk 01:14:27]}
{[%emt 00:00:15]} 12. f3 {[%clk 01:04:28]} {[%emt 00:08:07]} Nd7 {[%clk
01:14:19]} {[%emt 00:00:39]} 13. Bxg7 {[%clk 01:00:43]} {[%emt 00:04:16]} Kxg7
{[%clk 01:14:41]} {[%emt 00:00:07]} 14. Nd5 {[%clk 00:56:22]} {[%emt 00:04:51]}
Bxd5 {[%clk 01:07:01]} {[%emt 00:08:10]} 15. exd5 {[%clk 00:56:01]} {[%emt
00:00:50]} Qb6+ {[%clk 01:07:26]} {[%emt 00:00:06]} 16. Kh1 {[%clk 00:56:05]}
{[%emt 00:00:25]} a5 {[%clk 01:07:37]} {[%emt 00:00:20]} 17. Rae1 {[%clk
00:47:24]} {[%emt 00:09:11]} Rfe8 {[%clk 01:05:47]} {[%emt 00:02:20]} 18. Bd1
{[%clk 00:43:25]} {[%emt 00:04:28]} a4 {[%clk 00:57:01]} {[%emt 00:09:18]} 19.
Re4 {[%clk 00:40:50]} {[%emt 00:03:04]} Nf6 {[%clk 00:55:40]} {[%emt 00:01:50]}
20. Rh4 {[%clk 00:37:21]} {[%emt 00:04:00]} h5 {[%clk 00:53:20]} {[%emt
00:02:51]} 21. g4 {[%clk 00:34:33]} {[%emt 00:03:17]} Qa5 {[%clk 00:32:43]}
{[%emt 00:21:08]} 22. Qg5 {[%clk 00:27:44]} {[%emt 00:07:18]} Rh8 {[%clk
00:23:07]} {[%emt 00:10:05]} 23. gxh5 {[%clk 00:27:14]} {[%emt 00:01:01]} Rxh5
{[%clk 00:23:03]} {[%emt 00:00:34]} 24. Rxh5 {[%clk 00:27:36]} {[%emt
00:00:07]} Nxh5 {[%clk 00:23:30]} {[%emt 00:00:03]} 25. Rg1 {[%clk 00:12:54]}
{[%emt 00:15:13]} Rh8 {[%clk 00:11:51]} {[%emt 00:12:09]} 26. Qe3 {[%clk
00:09:52]} {[%emt 00:03:32]} Qb4 {[%clk 00:06:00]} {[%emt 00:06:20]} 27. Qd4+
{[%clk 00:08:23]} {[%emt 00:02:00]} Nf6 {[%clk 00:06:29]} {[%emt 00:00:01]} 28.
a3 {[%clk 00:08:05]} {[%emt 00:00:48]} Qa5 {[%clk 00:06:53]} {[%emt 00:00:06]}
29. f4 {[%clk 00:06:19]} {[%emt 00:02:16]} b5 {[%clk 00:05:21]} {[%emt
00:02:02]} 30. f5 {[%clk 00:01:42]} {[%emt 00:05:07]} bxc4 {[%clk 00:05:43]}
{[%emt 00:00:08]} 31. Bf3 {[%clk 00:01:51]} {[%emt 00:00:22]} Qc5 {[%clk
00:04:56]} {[%emt 00:01:16]} 32. Qf4 {[%clk 00:01:07]} {[%emt 00:01:14]} Rh6
{[%clk 00:03:53]} {[%emt 00:01:33]} 33. fxg6 {[%clk 00:01:01]} {[%emt
00:00:36]} Rxg6 {[%clk 00:04:12]} {[%emt 00:00:12]} 34. Rxg6+ {[%clk 00:01:18]}
{[%emt 00:00:12]} fxg6 {[%clk 00:04:39]} {[%emt 00:00:03]} 35. Qd2 {[%clk
00:01:04]} {[%emt 00:00:44]} Kf7 {[%clk 00:02:49]} {[%emt 00:02:20]} 36. Kg2
{[%clk 00:01:25]} {[%emt 00:00:09]} e6 {[%clk 00:02:35]} {[%emt 00:00:44]} 37.
dxe6+ {[%clk 00:01:39]} {[%emt 00:00:16]} Kxe6 {[%clk 00:03:03]} {[%emt
00:00:01]} 38. Qe2+ {[%clk 00:01:12]} {[%emt 00:00:57]} Kf7 {[%clk 00:03:10]}
{[%emt 00:00:23]} 39. Qc2 {[%clk 00:01:06]} {[%emt 00:00:38]} Qb5 {[%clk
00:01:58]} {[%emt 00:01:42]} 40. h4 {[%clk 00:01:01]} {[%emt 00:00:35]} d5
{[%clk 00:01:53]} {[%emt 00:00:34]} 41. Qf2 {[%clk 00:01:13]} {[%emt 00:00:18]}
Qd7 {[%clk 00:00:48]} {[%emt 00:01:35]} 42. Qc5 {[%clk 00:01:10]} {[%emt
00:00:33]} Ne4 {[%clk 00:00:46]} {[%emt 00:00:32]} 43. Qd4 {[%clk 00:01:12]}
{[%emt 00:00:28]} Qf5 {[%clk 00:00:53]} {[%emt 00:00:24]} 44. Qa7+ {[%clk
00:01:31]} {[%emt 00:00:10]} Kf6 {[%clk 00:01:07]} {[%emt 00:00:16]} 45. Qxa4
{[%clk 00:01:36]} {[%emt 00:00:25]} Ke5 {[%clk 00:01:17]} {[%emt 00:00:20]} 46.
Qc6 {[%clk 00:00:59]} {[%emt 00:01:07]} Kd4 {[%clk 00:01:19]} {[%emt 00:00:28]}
47. Qa4 {[%clk 00:00:49]} {[%emt 00:00:40]} Qf4 {[%clk 00:01:26]} {[%emt
00:00:22]} 48. Qd1+ {[%clk 00:00:59]} {[%emt 00:00:21]} Kc5 {[%clk 00:01:22]}
{[%emt 00:00:34]} 49. b4+ {[%clk 00:00:57]} {[%emt 00:00:32]} cxb3 {[%clk
00:01:38]} {[%emt 00:00:13]} 50. Bxe4 {[%clk 00:00:44]} {[%emt 00:00:44]} Qxe4+
{[%clk 00:02:03]} {[%emt 00:00:05]} 51. Kh3 {[%clk 00:00:54]} {[%emt 00:00:20]}
b2 {[%clk 00:01:57]} {[%emt 00:00:36]} 52. Qg1+ {[%clk 00:01:11]} {[%emt
00:00:12]} Kc4 {[%clk 00:01:58]} {[%emt 00:00:30]} 0-1

[Event "Latvian Teams Chess Championship Higher League 2019"]
[Site "Riga Chess School, 10 Pernavas Street, Riga, Latvia"]
[Date "2019.06.08"]
[Round "4.16"]
[White "Miezis, Normunds"]
[Black "Mierins, Eriks"]
[Result "1-0"]
[TimeControl "Standard: 90 minutes with 30 second increment from move 1"]
[WhiteTitle "GM"]
[WhiteFideId "11600136"]
[BlackFideId "11603178"]
[WhiteElo "2469"]
[BlackElo "2221"]

1. c4 {[%clk 01:30:55]} {[%emt 00:00:04]} Nf6 {[%clk 01:30:51]} {[%emt
00:00:10]} 2. Nc3 {[%clk 01:31:15]} {[%emt 00:00:10]} d5 {[%clk 01:30:52]}
{[%emt 00:00:29]} 3. cxd5 {[%clk 01:31:32]} {[%emt 00:00:13]} Nxd5 {[%clk
01:31:17]} {[%emt 00:00:06]} 4. g3 {[%clk 01:31:28]} {[%emt 00:00:34]} e5
{[%clk 01:30:19]} {[%emt 00:01:27]} 5. Bg2 {[%clk 01:31:45]} {[%emt 00:00:13]}
c6 {[%clk 01:30:38]} {[%emt 00:00:10]} 6. Nf3 {[%clk 01:30:45]} {[%emt
00:01:30]} Bd6 {[%clk 01:28:41]} {[%emt 00:02:28]} 7. O-O {[%clk 01:25:44]}
{[%emt 00:05:32]} O-O {[%clk 01:28:53]} {[%emt 00:00:18]} 8. d4 {[%clk
01:24:56]} {[%emt 00:01:18]} Nxc3 {[%clk 01:27:46]} {[%emt 00:01:38]} 9. bxc3
{[%clk 01:24:51]} {[%emt 00:00:35]} f6 {[%clk 01:25:18]} {[%emt 00:02:58]} 10.
dxe5 {[%clk 01:22:53]} {[%emt 00:02:28]} fxe5 {[%clk 01:25:37]} {[%emt
00:00:11]} 11. Ng5 {[%clk 01:21:32]} {[%emt 00:01:50]} Qc7 {[%clk 01:20:13]}
{[%emt 00:05:55]} 12. Qd3 {[%clk 01:15:19]} {[%emt 00:06:43]} Bf5 {[%clk
01:17:56]} {[%emt 00:02:45]} 13. Be4 {[%clk 01:11:49]} {[%emt 00:04:01]} g6
{[%clk 01:16:32]} {[%emt 00:01:54]} 14. Bxf5 {[%clk 01:06:04]} {[%emt
00:06:16]} Rxf5 {[%clk 01:16:35]} {[%emt 00:00:27]} 15. Rd1 {[%clk 01:03:36]}
{[%emt 00:02:57]} Be7 {[%clk 01:14:24]} {[%emt 00:02:42]} 16. Qc4+ {[%clk
01:02:44]} {[%emt 00:01:22]} Kh8 {[%clk 01:14:46]} {[%emt 00:00:07]} 17. Nf7+
{[%clk 01:02:28]} {[%emt 00:00:46]} Kg7 {[%clk 01:14:53]} {[%emt 00:00:23]} 18.
Bh6+ {[%clk 01:01:56]} {[%emt 00:01:02]} Kf6 {[%clk 01:15:16]} {[%emt
00:00:08]} 19. g4 {[%clk 00:54:04]} {[%emt 00:08:21]} Rf4 {[%clk 01:15:24]}
{[%emt 00:00:23]} 20. Bxf4 {[%clk 00:54:02]} {[%emt 00:00:32]} exf4 {[%clk
01:15:46]} {[%emt 00:00:08]} 21. g5+ {[%clk 00:53:18]} {[%emt 00:01:14]} Kg7
{[%clk 01:15:10]} {[%emt 00:01:06]} 22. Qe6 {[%clk 00:52:20]} {[%emt 00:01:27]}
1-0